| Tag |
First Indicator |
Second Indicator |
Subfields |
| LEADER |
00000cam a2200000 a 4500 |
| 001 |
in00000031366 |
| 005 |
20151007060412.0 |
| 008 |
870625s1987 mau b 00110 eng |
| 010 |
|
|
|a 87019630
|
| 020 |
|
|
|a 0816186715 (alk. paper)
|
| 035 |
|
|
|a (OCoLC)16226641
|
| 035 |
|
|
|9 AAC0762AM
|
| 040 |
|
|
|a DLC
|c DLC
|d TXA
|d UtOrBLW
|
| 049 |
|
|
|a TXAM
|c [A11682391]
|
| 050 |
0 |
0 |
|a Z8562.58
|b .H52 1987
|a PS2386
|
| 082 |
0 |
|
|a 016.813/3
|2 19
|
| 100 |
1 |
|
|a Higgins, Brian,
|d 1943-
|
| 245 |
1 |
0 |
|a Herman Melville :
|b a reference guide, 1931-1960 /
|c Brian Higgins.
|
| 264 |
|
1 |
|a Boston, Mass. :
|b G.K. Hall,
|c [1987]
|
| 264 |
|
4 |
|c ©1987
|
| 300 |
|
|
|a xvi, 531 pages ;
|c 25 cm.
|
| 336 |
|
|
|a text
|b txt
|2 rdacontent
|
| 337 |
|
|
|a unmediated
|b n
|2 rdamedia
|
| 338 |
|
|
|a volume
|b nc
|2 rdacarrier
|
| 490 |
1 |
|
|a A Reference guide to literature
|
| 500 |
|
|
|a Includes indexes.
|
| 600 |
1 |
0 |
|a Melville, Herman,
|d 1819-1891
|x Bibliography.
|
| 830 |
|
0 |
|a Reference guide to literature.
|
| 999 |
|
|
|a MARS
|
| 999 |
f |
f |
|s 2848d31d-fd38-3e3f-8550-2261236a6a9c
|i 55abfde9-e891-3324-b5c9-83e6b1b0f842
|t 0
|
| 952 |
f |
f |
|p ric
|a Texas A&M University
|b Rellis Campus
|c Joint Library Facility
|d Remote Storage
|t 0
|e Z8562.58 .H52 1987
|h Library of Congress classification
|i unmediated -- volume
|m A14811682391
|
| 998 |
f |
f |
|a Z8562.58 .H52 1987
|t 0
|l Remote Storage
|